000 01402cam a2200325 a 4500
999 _c332328
_d332328
001 711322
003 NUST
005 20171124115201.0
008 971202s1998 enka bi 001 0 eng
010 _a 97048848
020 _a0471968056 (hardcover : alk. paper)
035 _a(DLC) 97048848
040 _aDLC
_cDLC
_dDLC
050 0 0 _aTD879.P37
_bP44 1998
082 0 0 _a628.529 PES
_221
245 0 0 _aPesticide remediation in soils and water /
_cedited by Philip C. Kearney and Terry Roberts.
260 _aChichester ;
_aNew York :
_bWiley,
_cc1998.
300 _axv, 381 p. :
_bill. ;
_c24 cm.
440 0 _aWiley series in agrochemicals and plant protection
_96763
500 _aH.B
504 _aIncludes bibliographical references and index.
650 0 _aPesticides
_xEnvironmental aspects.
_96764
650 0 _aSoil remediation.
_96465
650 0 _aWater
_xPurification.
_9264
700 1 _aKearney, P. C.
_q(Philip C.),
_d1932-
_96765
700 1 _aRoberts, T. R.
_q(Terence Robert),
_d1943-
_96766
856 4 2 _3Publisher description
_uhttp://www.loc.gov/catdir/description/wiley032/97048848.html
856 4 _3Table of Contents
_uhttp://www.loc.gov/catdir/toc/onix03/97048848.html
906 _a7
_bcbc
_corignew
_d1
_eocip
_f19
_gy-gencatlg
942 _2ddc
_cBK
_kIESE